| 000 -CABECERA |
| campo de control de longitud fija |
01363nam a2200253 a 4500 |
| 001 - NÚMERO DE CONTROL |
| campo de control |
000087457 |
| 005 - FECHA Y HORA DE LA ÚLTIMA TRANSACCIÓN |
| campo de control |
20200120224959.0 |
| 008 - DATOS DE LONGITUD FIJA--INFORMACIÓN GENERAL |
| campo de control de longitud fija |
190828s2007 ck gr|||| 000 | spa d |
| 020 ## - NÚMERO INTERNACIONAL ESTÁNDAR DEL LIBRO |
| Número Internacional Estándar del Libro |
9581803211 |
| 041 0# - CÓDIGO DE LENGUA |
| Código de lengua del texto/banda sonora o título independiente |
spa |
| 043 ## - CÓDIGO DE ÁREA GEOGRÁFICA |
| Código de área geográfica |
s-ck--- |
| 082 04 - NÚMERO DE LA CLASIFICACIÓN DECIMAL DEWEY |
| Número de clasificación |
303.60986163 |
| Número de documento/Ítem |
C65dp |
| Número de edición |
21 |
| 110 2# - ENTRADA PRINCIPAL--NOMBRE DE ENTIDAD CORPORATIVA |
| Nombre de entidad corporativa o nombre de jurisdicción como elemento de entrada |
Colombia. |
| Unidad subordinada |
Vicepresidencia de la República. Observatorio del Programa Presidencial de Derechos Humanos y Derecho Internacional Humanitario . |
| 245 10 - MENCIÓN DE TÍTULO |
| Título |
Dinámica reciente de la confrontación armada en Putumayo / |
| Mención de responsabilidad, etc. |
Observatorio del Programa Presidencial de Derechos Humanos y DIH. |
| 260 ## - PUBLICACIÓN, DISTRIBUCIÓN, ETC. |
| Lugar de publicación, distribución, etc. |
Bogotá : |
| Nombre del editor, distribuidor, etc. |
Vicepresidencia de la República |
| -- |
Observatorio del Programa Presidencial de Derechos Humanos y DIH, |
| Fecha de publicación, distribución, etc. |
2007. |
| 300 ## - DESCRIPCIÓN FÍSICA |
| Extensión |
72 páginas : |
| Otras características físicas |
ilustraciones, mapas, gráficos. |
| 500 ## - NOTA GENERAL |
| Nota general |
Ubicación geográfica -- Precencia de grupos armados irregulares --Caracteristicas y evolución de la confrontación armada en Putumayo -- Desarrollo de la confrontación armada en el Putumayo -- |
| 650 14 - PUNTO DE ACCESO ADICIONAL DE MATERIA--TÉRMINO DE MATERIA |
| Término de materia o nombre geográfico como elemento de entrada |
Conflicto armado |
| Subdivisión geográfica |
Putumayo (Región, Colombia) |
| 650 24 - PUNTO DE ACCESO ADICIONAL DE MATERIA--TÉRMINO DE MATERIA |
| Término de materia o nombre geográfico como elemento de entrada |
Grupos subversivos |
| Subdivisión geográfica |
Arauca (Región, Colombia) |
| 650 24 - PUNTO DE ACCESO ADICIONAL DE MATERIA--TÉRMINO DE MATERIA |
| Término de materia o nombre geográfico como elemento de entrada |
Homicidio |
| Subdivisión geográfica |
Putumayo (Región, Colombia) |
| 650 24 - PUNTO DE ACCESO ADICIONAL DE MATERIA--TÉRMINO DE MATERIA |
| Término de materia o nombre geográfico como elemento de entrada |
Secuestro |
| Subdivisión geográfica |
Putumayo (Región, Colombia) |
| 650 24 - PUNTO DE ACCESO ADICIONAL DE MATERIA--TÉRMINO DE MATERIA |
| Término de materia o nombre geográfico como elemento de entrada |
Desmovilización de paramilitares |
| Subdivisión geográfica |
Putumayo (Región, Colombia) |
| 650 24 - PUNTO DE ACCESO ADICIONAL DE MATERIA--TÉRMINO DE MATERIA |
| Término de materia o nombre geográfico como elemento de entrada |
Paramilitarismo |
| Subdivisión geográfica |
Putumayo (Región, Colombia) |